| 000 -LEADER |
| fixed length control field |
00544nam a22001817a 4500 |
| 008 - FIXED-LENGTH DATA ELEMENTS--GENERAL INFORMATION |
| fixed length control field |
151021b xxu||||| |||| 00| 0 eng d |
| 020 ## - INTERNATIONAL STANDARD BOOK NUMBER |
| International Standard Book Number |
0135007941 |
| 041 0# - LANGUAGE CODE |
| Language code of text/sound track or separate title |
eng |
| 080 ## - UNIVERSAL DECIMAL CLASSIFICATION NUMBER |
| Universal Decimal Classification number |
510.62 |
| 100 1# - Rafti |
| Rafti |
Kolman, Bernard, |
| 245 10 - TITLE STATEMENT |
| Title |
Introductory discrete structures with applications / |
| Statement of responsibility, etc |
Bernard Kolman, Robert C. Busby. |
| 260 ## - |
| -- |
Englewood Cliffs, N.J. : |
| -- |
Prentice-Hall, |
| -- |
1987. |
| 300 ## - |
| -- |
xiv, 364 f. : |
| -- |
me il.; |
| -- |
25 cm. |
| 650 #0 - |
| -- |
Matematika |
| 650 #0 - |
| -- |
Shkenca kompjuterike |
| 700 1# - |
| -- |
Busby, Robert C. |
| 942 ## - ADDED ENTRY ELEMENTS (KOHA) |
| Source of classification or shelving scheme |
|
| Item type |
Books |